Gaming Quiz

Random Gaming Quiz

SSX Deadly Descents Quiz Stats

 Plays Quiz not verified by Sporcle

Support Sporcle.
Go Orange.
Score 0/10 Timer 01:00
0 Plays Today
Region Deadly Descent Theme % Correct
Rockies (Mt. Robson)Trees
94.2%
Siberia (Belukha)Ice
84.6%
Alps (Mont Blanc)Rocks
84.6%
Africa (Mt. Kilimanjaro)Darkness
83.7%
Alaska (Denali)Avalanche
78.8%
Antarctica (Mt. Slaughter)Cold
78.8%
Patagonia (Fitz Roy)Gravity
74%
Himalayas (Mt. Everest)Thin Air
66.3%
New Zealand (Aoraki)White Out
59.6%
Himalayas (Lhotse)Death Zone
41.3%

You're not logged in!

Compare scores with friends on all Sporcle quizzes.
OR
Log In

From the Vault

Time or Distance?

by Bolafssonify

It's time to see if you can go the distance.
Remove Ads.
Support Sporcle.
Get the best of Sporcle when you Go Orange. This ad-free experience offers more features, more stats, and more fun while also helping to support Sporcle. Thank you for becoming a member.

Show Comments

Extras

Created Mar 4, 2012ReportNominate
Tags:SSX

Top Quizzes Today


Score Distribution

Your Account Isn't Verified!

In order to create a playlist on Sporcle, you need to verify the email address you used during registration. Go to your Sporcle Settings to finish the process.

Report this User

Report this user for behavior that violates our Community Guidelines.

Details: